000 01234nas a2200385 4500
001 BR2013004805
003 BR-BrBNA
005 20231205122524.0
007 ta
008 230509b bl.|||p| |||| 00| 00por d
040 _aBR-BrBNA
_bpor
_cBiblioteca Nacional de Agricultura
041 _a(Pt)
072 _aK10; P35
100 1 _aBarbosa, C.E.M.
100 1 _aFerrari, S.
100 1 _aCarvalho, M. de P. e
100 1 _aPicoli, P.R.F.
100 1 _aCavallini, M.C.
100 1 _aBenett, C.G.S.
100 1 _aSantos, D.M.A. dos
100 1 _a
100 1 _a
100 1 _a
245 1 _aInter-Relação da produtividade de madeira do pinus com atributos físico-químicos de um latossolo do cerrado brasileiro
246 1 _aRelationship between pine wood yield and physical and chemical traits of a brazilian cerrado oxisoil
650 _aPINHEIRO
650 _aMADEIRA
650 _aPRODUTIVIDADE
650 _aFERTILIDADE DO SOLO
650 _aLATOSSOLO
773 0 _tRevista Árvore (Brazil)
_xISSN 0100-6762
_g(Jan-Feb 2012), v. 36(1) p. 25-35
_wBR2013004805
856 4 0 _uhttp://www.scielo.br/pdf/rarv/v36n1/a04v36n1.pdf
909 _a202311
_bLúcia
_c55
_dLúcia Elande
942 _2AGRIS
_n0
_cANA
999 _c229100
_d229100